000 00532nam a22002057a 4500
003 UA-OsUOA
001 9350
007 ta
008 20041103b un ||||| |||| 00| 0 ukr d
100 _aАльфред ле Пуатвен.
942 _cSA
040 _aUA-OsUOA
_bukr
_cUA-OsUOA
_dUA-OsUOA
245 _aПрогулянка з Беліалом.
300 _aС.122-144
955 _a0
041 _aukr
044 _aUA
773 0 _w0
_tВсесвіт
_dК.
_d2004
_gN9-10
650 7 _aХудожня література
_2UDC
999 _c295511
_d295511